<?xml version="1.0" encoding="UTF-8"?>
<record
    xmlns:xsi="http://www.w3.org/2001/XMLSchema-instance"
    xsi:schemaLocation="http://www.loc.gov/MARC21/slim http://www.loc.gov/standards/marcxml/schema/MARC21slim.xsd"
    xmlns="http://www.loc.gov/MARC21/slim">

  <leader>00582nam a22001937a 4500</leader>
  <datafield tag="999" ind1=" " ind2=" ">
    <subfield code="c">171132</subfield>
    <subfield code="d">171132</subfield>
  </datafield>
  <controlfield tag="005">20200107114127.0</controlfield>
  <datafield tag="010" ind1=" " ind2=" ">
    <subfield code="a">A-267919</subfield>
  </datafield>
  <datafield tag="020" ind1=" " ind2=" ">
    <subfield code="c">2.50</subfield>
    <subfield code="a">-</subfield>
  </datafield>
  <datafield tag="035" ind1=" " ind2=" ">
    <subfield code="a">A-267919</subfield>
  </datafield>
  <datafield tag="037" ind1=" " ind2=" ">
    <subfield code="b">DBAD/PUB</subfield>
    <subfield code="a">-</subfield>
  </datafield>
  <datafield tag="082" ind1=" " ind2=" ">
    <subfield code="a">847</subfield>
  </datafield>
  <datafield tag="100" ind1=" " ind2=" ">
    <subfield code="a">&#x6A9;&#x646;&#x6C1;&#x64A;&#x627; &#x644;&#x627; &#x644; &#x6A9;&#x67E;&#x648; &#x631; </subfield>
  </datafield>
  <datafield tag="245" ind1=" " ind2=" ">
    <subfield code="a">&#x633;&#x646;&#x6AF; &#x648; &#x62E;&#x634;&#x62A;</subfield>
    <subfield code="c">&#x6A9;&#x646;&#x6C1;&#x64A;&#x627; &#x644;&#x627; &#x644; &#x6A9;&#x67E;&#x648; &#x631; </subfield>
  </datafield>
  <datafield tag="246" ind1=" " ind2=" ">
    <subfield code="b">Sangh -O-Khashit (Urdu)</subfield>
    <subfield code="a">by Kanhya Lal Kapoor </subfield>
  </datafield>
  <datafield tag="260" ind1=" " ind2=" ">
    <subfield code="a">N.Delhi</subfield>
    <subfield code="b">Indian Academy</subfield>
    <subfield code="c">N.A. &#x621;</subfield>
  </datafield>
  <datafield tag="270" ind1=" " ind2=" ">
    <subfield code="a">6-B,Reagale Building,</subfield>
    <subfield code="b">N.Delhi</subfield>
    <subfield code="e">1</subfield>
    <subfield code="k">-</subfield>
    <subfield code="l">-</subfield>
  </datafield>
  <datafield tag="300" ind1=" " ind2=" ">
    <subfield code="a">160 &#x635; </subfield>
    <subfield code="c">22 Cm(Hb)</subfield>
  </datafield>
  <datafield tag="942" ind1=" " ind2=" ">
    <subfield code="2">ddc</subfield>
    <subfield code="c">UR</subfield>
    <subfield code="h">847</subfield>
    <subfield code="m">&#x6A9; &#x67E; &#x648; </subfield>
  </datafield>
  <datafield tag="952" ind1=" " ind2=" ">
    <subfield code="0">0</subfield>
    <subfield code="1">0</subfield>
    <subfield code="4">0</subfield>
    <subfield code="7">0</subfield>
    <subfield code="8">NFIC</subfield>
    <subfield code="a">L</subfield>
    <subfield code="b">L</subfield>
    <subfield code="d">2020-01-07</subfield>
    <subfield code="e">BPPD/Ven.</subfield>
    <subfield code="g">2.50</subfield>
    <subfield code="l">1</subfield>
    <subfield code="m">2</subfield>
    <subfield code="o">847 &#x6A9; &#x67E; &#x648;</subfield>
    <subfield code="p">267919</subfield>
    <subfield code="r">2021-09-21 00:00:00</subfield>
    <subfield code="s">2021-08-12</subfield>
    <subfield code="t">1</subfield>
    <subfield code="v">2.50</subfield>
    <subfield code="w">2020-01-07</subfield>
    <subfield code="y">UR</subfield>
  </datafield>
</record>
